Tennis : Les Défaites de Carlos Alcaraz sur le circuit ATP - Statistiques

Statistiques générales
  • Ce quiz a été pris 729 fois
    151 depuis la dernière actualisation
  • Le résultat moyen est 35 sur 63
Statistiques - réponses
Année Tournoi Catégorie Stade de la compétition Adversaire % Correct
2025 ATP Finals ATP Finals Finale Jannick Sinner
100%
2025 Wimbledon Grand Chelmen Finale Jannick Sinner
100%
2023 Pékin ATP 500 Demi-finale Sinner
100%
2023 Miami ATP 1000 Demi-finale Sinner
100%
2022 Umag ATP 250 Finale Sinner
100%
2022 Wimbledon Grand Chelem 8ème de finale Sinner
100%
2025 Open d'Australie Grand Chelem Quart de finale Novak Djokovic
98%
2023 Masters ATP Finals Demi-finale Djokovic
97%
2023 Cincinnati ATP 1000 Finale Djokovic
97%
2023 Roland Garros Grand Chelem Demi-finale Djokovic
97%
2024 ATP Finals ATP Finals Phase de poules Alexander Zverev
91%
2024 Open d'Australie Grand Chelem Quart de finale Alexander Zverev
91%
2023 Masters ATP Finals Phase de groupe Zverev
91%
2022 Roland Garros Grand Chelem Demi-finale Zverev
91%
2021 Vienne ATP 500 Demi-finale Zverev
91%
2021 Acapulco ATP 500 16ème de finale Zverev
91%
2022 Indian Wells ATP 1000 Demi-finale Nadal
89%
2021 Madrid ATP 1000 16ème de finale Nadal
89%
2023 Us Open Grand Chelem Demi-finale Medvedev
82%
2021 Wimbledon Grand Chelem 2ème tour Medvedev
82%
2025 Barcelone ATP 500 Finale Holger Rune
77%
2022 Paris Bercy ATP 1000 Quart de finale Rune
77%
2024 ATP Finals ATP Finals Phase de poules Casper Ruud
74%
2024 Madrid ATP 1000 Quart de finale Andrey Rublev
67%
2025 Paris Bercy ATP 1000 1er tour Cameron Norrie
66%
2023 Rio de Janeiro ATP 500 Finale Norrie
66%
2022 Cincinnati ATP 1000 Quart de finale Norrie
66%
2024 Cincinnati ATP 1000 2ème tour Gaël Monfils
65%
2025 Indian Wells ATP 1000 Demi-finale Jack Draper
63%
2024 Queen's ATP 500 2ème tour Jack Draper
63%
2022 Hambourg ATP 500 Finale Musetti
63%
2024 Paris Bercy ATP 1000 3ème tour Ugo Humbert
53%
2021 Paris Bercy ATP 1000 8ème de finale Gaston
51%
2023 Canada ATP 1000 Quart de finale Paul
44%
2022 Canada ATP 1000 16ème de finale Paul
44%
2025 Miami ATP 1000 1er tour David Goffin
43%
2022 Astana ATP 500 16ème de finale Goffin
43%
2022 Bâle ATP 500 Demi-finale Auger-Aliassime
41%
2021 US Open Grand Chelem Quart de finale Auger-Aliassime
41%
2022 Open d'Australie Grand Chelem 3ème tour Berrettini
40%
2021 Barcelone ATP 500 32ème de finale Tiafoe
40%
2024 Us Open Grand Chelem 2ème tour Botic Van de Zandschulp
39%
2023 Shanghai ATP 1000 8ème de finale Dimitrov
38%
2024 Miami ATP 1000 Quart de finale Grigor Dimitrov
38%
2024 Shanghai ATP 1000 Quart de finale Tomas Machac
37%
2025 Doha ATP 500 Quart de finale Jiri Lehecka
34%
2021 Indian Wells ATP 1000 32ème de finale Murray
34%
2022 Monte Carlo ATP 1000 16ème de finale Korda
33%
2023 Rome ATP 1000 16ème de finale Marozsàn
28%
2024 Buenos Aires ATP 250 Demi-finale Nicolas Jarry
22%
2021 Estoril ATP 250 16ème de finale Cilic
20%
2021 Winston-Salem ATP 250 Demi-finale Ymer
15%
2021 Open d'Australie Grand Chelem 2ème tour Ymer
15%
2021 Roland Garros Grand Chelem 3ème tour Struff
14%
2021 Marbella ATP 250 Demi-finale Munar
13%
2021 Adelaide ATP 250 8ème de finale Monteiro
12%
2024 Rio ATP 500 1er tour (abandon) Thiago Monteiro
12%
2023 Paris Bercy ATP 1000 16ème de finale Safiullin
11%
2021 Cincinnati ATP 1000 32ème de finale Sonego
11%
2020 Rio de Janeiro ATP 500 8ème de finale Coria
4%
2021 Kitzbühel ATP 250 16ème de finale Erler
3%
2021 Miami ATP 1000 64ème de finale Ruusuvuori
3%
2020 Roland Garros Grand Chelem 1er tour Qualification Vukic
3%
Aucun quiz correspondant
Distribution des résultats
% des personnes avec chaque résultat
Percentile par nombre de réponses
Votre historique - résultats
Vous n’avez pas pris ce quiz depuis la dernière actualisation